000 00287nam a22001337a 4500
008 170928b xxu||||| |||| 00| 0 eng d
020 _a9780139179150
041 _aeng
080 _a37
100 _a47
101 _aEDU
245 _aKEYS TO STUDY SKILLS
_cCARTER,C
942 _2udc
_cBK
999 _c30479
_d30479